000 01104cam a22002531i 4500
003 SA-RiAUC
005 20250929130046.0
008 250925s1995 su g 00000aara c
020 _a9960276643
040 _aSA-JeALM
_bara
_cSA-RiAUC
_erda
082 0 4 _a928.1
_qSA-RiAUC
090 _a928.1
_bج هـ ي
100 1 _aالجهيمان، عبد الكريم بن عبد العزيز بن صالح،
_d1332-1433 هجري
_eمؤلف.
245 1 0 _aمذكرات وذكريات من حياتي /
_cعبد الكريم الجهيمان.
250 _aالطبعة الأولى.
264 1 _aالرياض :
_bعبد الكريم بن عبد العزيز بن صالح الجهيمان،
_c1995
300 _a320 صفحة ؛
_c24 سم
336 _aنص
_btxt
_2rdacontent
_3كتاب
337 _aبدون وسيط
_bn
_2rdamedia
600 1 7 _aالجهيمان، عبد الكريم بن عبد العزيز بن صالح،
_d1332-1433 هجري
_vيوميات
_2aucnm
650 7 _aالأدباء السعوديون
_vتراجم
_2aucsh
942 _2ddc
_cBOOK
_n0
949 _aSA-JeALM
_d250925
_uosman123
_n1
999 _c12214
_d12214